00393nam a2200121Ia 4500008004100000245013400041260001800175260000900193300000800202500001000210650001300220856003800233170516s9999 xx 000 0 und d aAnalytical Electron Microscopy for Characterization of Fluid or Semi-Solid Multiphase Systems Containing Nanoparticulate Material bPharmaceutics c2013 a5:1 aMarch xPharmacy uhttp://www.mdpi.com/1999-4923/5/1